[Event "FBL 1"]
[Site "Deutschland"]
[Date "2013.01.20"]
[Round "7.5"]
[White "Szewczuk, Mariola"]
[Black "Lakos, Nikoletta"]
[Result "0-1"]
[WhiteElo "1908"]
[BlackElo "2290"]
[PlyCount "54"]
[EventDate "2012.10.06"]
[WhiteTeam "SV Chemie Guben 1990"]
[BlackTeam "USV Volksbank Halle"]
[WhiteTeamCountry "GER"]
[BlackTeamCountry "GER"]

1. f4 d5 2. Nf3 Bg4 3. e3 Nd7 4. Be2 c6 5. b3 Bxf3 6. Bxf3 e5 7. fxe5 Nxe5 8.
Bb2 Bd6 9. Qe2 Qh4+ 10. g3 Qe7 11. Nc3 Nf6 12. O-O-O Ba3 13. Rhf1 a5 14. d4
Nxf3 15. Rxf3 a4 16. e4 axb3 17. cxb3 dxe4 18. Re3 Bxb2+ 19. Kxb2 O-O 20. Nxe4
Nd5 21. Rf3 Rfe8 22. Re1 f5 23. Rxf5 Qa3+ 24. Ka1 Rxe4 25. Rf8+ Qxf8 26. Qxe4
Rxa2+ 27. Kxa2 Nc3+ 0-1

[Event "FBL 1"]
[Site "Deutschland"]
[Date "2013.01.20"]
[Round "7.6"]
[White "Glaser, Andrea"]
[Black "Schott, Peggy"]
[Result "1-0"]
[WhiteElo "1979"]
[BlackElo "1808"]
[PlyCount "125"]
[EventDate "2012.10.06"]
[WhiteTeam "USV Volksbank Halle"]
[BlackTeam "SV Chemie Guben 1990"]
[WhiteTeamCountry "GER"]
[BlackTeamCountry "GER"]

1. d4 f5 2. Nf3 e6 3. g3 Be7 4. Bg2 Nf6 5. c4 O-O 6. O-O d6 7. Nc3 a6 8. Qc2
Qe8 9. e4 Nc6 10. exf5 exf5 11. a3 h6 12. b4 Qf7 13. d5 Ne5 14. Qe2 Nxf3+ 15.
Qxf3 Nd7 16. Qd3 Ne5 17. Qe2 Bf6 18. Bd2 Re8 19. f4 Ng6 20. Qd3 Bd7 21. Rac1 b6
22. Ne2 Rab8 23. Nd4 Bxd4+ 24. Qxd4 Qf6 25. Qxf6 gxf6 26. Bf3 Kg7 27. Kf2 Re7
28. Bc3 Rbe8 29. Bd4 Kf7 30. Rc3 Rb8 31. Rfc1 a5 32. Re3 Rxe3 33. Kxe3 axb4 34.
axb4 Ra8 35. Ra1 Rxa1 36. Bxa1 Ne7 37. Bd4 Nc8 38. Kd3 Ke7 39. Kc3 Be8 40. Be2
Na7 41. Bd3 Bd7 42. Kb3 Kf7 43. Be3 h5 44. Be2 Kg6 45. c5 bxc5 46. bxc5 dxc5
47. Bxc5 Nc8 48. Kb4 Nd6 49. Bxd6 cxd6 50. Bb5 Bc8 51. Be8+ Kg7 52. Bxh5 Ba6
53. Ka5 Bf1 54. Bf3 Bh3 55. Kb6 Kf8 56. Kc7 Ke7 57. Kc6 Bf1 58. h4 Bd3 59. h5
Be4 60. Bd1 Bd3 61. h6 Kf7 62. Kxd6 Bb5 63. Kc7 1-0

[Event "FBL 1"]
[Site "Deutschland"]
[Date "2013.02.16"]
[Round "8.3"]
[White "Fuchs, Judith"]
[Black "Gunina, Valentina"]
[Result "1/2-1/2"]
[WhiteElo "2292"]
[BlackElo "2509"]
[PlyCount "111"]
[EventDate "2012.10.06"]
[WhiteTeam "Hamburger SK von 1830"]
[BlackTeam "SC Bad Koenigshofen 1957"]
[WhiteTeamCountry "GER"]
[BlackTeamCountry "GER"]

1. e4 c6 2. d4 d5 3. exd5 Qxd5 4. Nc3 Qa5 5. Bc4 Nf6 6. Bd2 Qc7 7. Qe2 Bg4 8.
f3 Bf5 9. O-O-O e6 10. g4 Bg6 11. Nh3 Nbd7 12. Bf4 Bd6 13. Bxd6 Qxd6 14. d5
cxd5 15. Nxd5 Nxd5 16. Rxd5 Qe7 17. Rd2 O-O 18. Nf4 Nb6 19. h4 Qf6 20. Nxg6
hxg6 21. Bb3 Rad8 22. Rxd8 Rxd8 23. Qe3 Rd4 24. g5 Qd8 25. c3 Rd3 26. Qe4 Rd7
27. Rd1 Rxd1+ 28. Bxd1 Qc7 29. Bb3 Nd7 30. Qd4 Nc5 31. Bc2 b6 32. b4 Nd7 33.
Kb2 Ne5 34. Qe4 Nc4+ 35. Kc1 b5 36. h5 Qh2 37. hxg6 Qg1+ 38. Bd1 Qxg5+ 39. f4
Qd8 40. gxf7+ Kxf7 41. Bh5+ Kf8 42. Qd4 Qh4 43. Bd1 Kg8 44. Qe4 e5 45. Qd5+ Kh8
46. fxe5 Qf4+ 47. Kb1 Qf5+ 48. Kc1 Qf2 49. Qh1+ Kg8 50. Qd5+ Kh7 51. Qd3+ g6
52. Qd7+ Kh6 53. Qh3+ Kg7 54. Qd7+ Kf8 55. Qd8+ Kg7 56. Qd7+ 1/2-1/2

[Event "FBL 1"]
[Site "Deutschland"]
[Date "2013.02.16"]
[Round "8.4"]
[White "Girya, Olga"]
[Black "Hegeler, Anja"]
[Result "1-0"]
[WhiteElo "2440"]
[BlackElo "2202"]
[PlyCount "93"]
[EventDate "2012.10.06"]
[WhiteTeam "SC Bad Koenigshofen 1957"]
[BlackTeam "Hamburger SK von 1830"]
[WhiteTeamCountry "GER"]
[BlackTeamCountry "GER"]

1. d4 Nf6 2. c4 c6 3. Nc3 d5 4. Nf3 e6 5. Bg5 Nbd7 6. e3 Be7 7. Bd3 dxc4 8.
Bxc4 b5 9. Bd3 a6 10. O-O c5 11. a4 b4 12. Ne4 Bb7 13. Nxc5 Nxc5 14. dxc5 Nd7
15. Rc1 Bxf3 16. Bxe7 Bxd1 17. Bxd8 Bxa4 18. Ba5 Ne5 19. Be4 Bc6 20. Bc7 Bxe4
21. Bxe5 f6 22. Bd6 Bc6 23. Rfd1 Kf7 24. Bc7 Rhc8 25. Ba5 Rab8 26. Bb6 Ra8 27.
Ra1 Bd5 28. Rd4 a5 29. e4 Bb3 30. h4 e5 31. Rd7+ Kg6 32. Rxa5 Rxa5 33. Bxa5
Rxc5 34. Bxb4 Rc4 35. Bf8 Rxe4 36. Rxg7+ Kf5 37. Rxh7 Re1+ 38. Kh2 Re2 39. Rb7
Bd5 40. Rb5 Bc4 41. Rb4 Bd5 42. Kg3 Rc2 43. h5 Rc8 44. Bg7 Rc1 45. h6 Kg6 46.
Rg4+ Kh7 47. Bxf6 1-0

[Event "FBL 1"]
[Site "Deutschland"]
[Date "2013.02.16"]
[Round "8.5"]
[White "Schmidt, Jade"]
[Black "Savina, Anastasia"]
[Result "0-1"]
[WhiteElo "2114"]
[BlackElo "2303"]
[PlyCount "100"]
[EventDate "2012.10.06"]
[WhiteTeam "Hamburger SK von 1830"]
[BlackTeam "SC Bad Koenigshofen 1957"]
[WhiteTeamCountry "GER"]
[BlackTeamCountry "GER"]

1. d4 Nf6 2. c4 g6 3. Nc3 Bg7 4. e4 d6 5. f3 O-O 6. Be3 c5 7. dxc5 dxc5 8. Qxd8
Rxd8 9. Bxc5 Nc6 10. Nd5 Nd7 11. Nxe7+ Nxe7 12. Bxe7 Bxb2 13. Rb1 Bc3+ 14. Kd1
Re8 15. Ba3 Bg7 16. Ne2 f5 17. exf5 Nb6 18. Ng3 Bd7 19. Bd3 Ba4+ 20. Rb3 Rad8
21. Kc2 Rc8 22. c5 Nd7 23. Ne4 Kh8 24. fxg6 Nxc5 25. Nxc5 b6 26. Kb1 bxc5 27.
Rb7 Rb8 28. Be4 Rxb7+ 29. Bxb7 Rb8 30. Kc1 Rxb7 31. f4 hxg6 32. Re1 Bd4 33. Re6
Kg7 34. Kd2 c4 35. Re7+ Rxe7 36. Bxe7 c3+ 37. Kd3 c2 38. Ba3 Bg1 39. h3 Kf6 40.
g4 Ke6 41. Bb2 Bf2 42. Ke4 Bb5 43. f5+ gxf5+ 44. gxf5+ Kf7 45. Bc1 Be1 46. Kf4
Bc3 47. Kg5 Bf6+ 48. Kf4 Kg7 49. Kg4 Kh7 50. Kg3 Bg7 0-1

[Event "FBL 1"]
[Site "Deutschland"]
[Date "2013.02.16"]
[Round "8.6"]
[White "Schoene, Maria"]
[Black "Bluebaum, Bettina"]
[Result "1-0"]
[WhiteElo "2190"]
[BlackElo "1984"]
[PlyCount "65"]
[EventDate "2012.10.06"]
[WhiteTeam "SC Bad Koenigshofen 1957"]
[BlackTeam "Hamburger SK von 1830"]
[WhiteTeamCountry "GER"]
[BlackTeamCountry "GER"]

1. e4 e6 2. d4 d5 3. Nc3 Bb4 4. e5 Ne7 5. a3 Bxc3+ 6. bxc3 b6 7. Nf3 Ba6 8.
Bxa6 Nxa6 9. Qd3 Nb8 10. a4 Nbc6 11. Ba3 Na5 12. Nd2 Qd7 13. O-O Nf5 14. Bb4
Nc6 15. a5 Nfxd4 16. axb6 cxb6 17. Ba3 Nf5 18. f4 h5 19. Rfd1 Rh6 20. Ne4 Qb7
21. Nd6+ Nxd6 22. Bxd6 Rc8 23. f5 Qd7 24. Qg3 Rh7 25. fxe6 Qxe6 26. Qf3 Rh6 27.
Rxd5 Rg6 28. Rf1 h4 29. Rd2 Nd8 30. Ba3 b5 31. Rd6 Qg4 32. Qd5 Ne6 33. Qxb5+
1-0

[Event "FBL 1"]
[Site "Deutschland"]
[Date "2013.02.16"]
[Round "8.1"]
[White "Jelica, Mara"]
[Black "Kulovana, Eva"]
[Result "1/2-1/2"]
[WhiteElo "2258"]
[BlackElo "2259"]
[PlyCount "57"]
[EventDate "2012.10.06"]
[WhiteTeam "Karlsruher SF 1853"]
[BlackTeam "SK Grosslehna"]
[WhiteTeamCountry "GER"]
[BlackTeamCountry "GER"]

1. e4 c6 2. d4 d5 3. Nd2 dxe4 4. Nxe4 Bf5 5. Ng3 Bg6 6. h4 h6 7. Nf3 Nf6 8. Ne5
Bh7 9. Bd3 Nbd7 10. Bxh7 Nxe5 11. dxe5 Qa5+ 12. Kf1 Nxh7 13. Bf4 e6 14. c3 Rd8
15. Qe2 Be7 16. b4 Qd5 17. Ne4 O-O 18. Rh3 f6 19. Rg3 Kh8 20. Qg4 Rg8 21. exf6
Nxf6 22. Nxf6 Bxf6 23. Kg1 Qf5 24. Re1 Qxg4 25. Rxg4 Bxc3 26. Rxe6 Rge8 27.
Rxe8+ Rxe8 28. Be3 a6 29. a4 1/2-1/2

[Event "FBL 1"]
[Site "Deutschland"]
[Date "2013.02.16"]
[Round "8.2"]
[White "Voicu Jagodzinsky, Carmen"]
[Black "Schmidt, Jessica"]
[Result "1-0"]
[WhiteElo "2292"]
[BlackElo "2273"]
[PlyCount "107"]
[EventDate "2012.10.06"]
[WhiteTeam "SK Grosslehna"]
[BlackTeam "Karlsruher SF 1853"]
[WhiteTeamCountry "GER"]
[BlackTeamCountry "GER"]

1. e4 e5 2. Nf3 Nc6 3. Bc4 Nf6 4. d3 Be7 5. O-O O-O 6. c3 d6 7. h3 Na5 8. Bb5
c5 9. Nbd2 a6 10. Ba4 b5 11. Bc2 Nc6 12. Re1 Rb8 13. Nf1 Be6 14. Ng3 Nd7 15.
Be3 h6 16. d4 cxd4 17. cxd4 exd4 18. Nxd4 Nxd4 19. Bxd4 Ne5 20. Nh5 f6 21. Nf4
Bf7 22. Bb3 Nc4 23. Rc1 Qd7 24. Qd3 Bd8 25. Nd5 Bxd5 26. exd5 Ne5 27. Qg3 Rc8
28. Rxc8 Qxc8 29. Be3 Nf7 30. Bf4 Qd7 31. Re6 Be7 32. Bc2 Ng5 33. Bf5 Qb7 34.
h4 Nxe6 35. Bxe6+ Kh8 36. Bxh6 Bd8 37. Bf4 Re8 38. Qg6 Rxe6 39. dxe6 Qe7 40.
Qf5 Bc7 41. Qd5 g6 42. h5 gxh5 43. Qxh5+ Kg8 44. Qg6+ Kh8 45. Qf5 Kg7 46. g4
Qe8 47. Kg2 Qc6+ 48. f3 Qc4 49. g5 Qe2+ 50. Kg3 Qe1+ 51. Kg4 Qg1+ 52. Bg3 Bd8
53. Qe4 Kf8 54. Qh7 1-0

[Event "FBL 1"]
[Site "Deutschland"]
[Date "2013.02.16"]
[Round "8.3"]
[White "Mader, Manuela"]
[Black "Havlikova, Kristyna"]
[Result "1/2-1/2"]
[WhiteElo "2222"]
[BlackElo "2293"]
[PlyCount "89"]
[EventDate "2012.10.06"]
[WhiteTeam "Karlsruher SF 1853"]
[BlackTeam "SK Grosslehna"]
[WhiteTeamCountry "GER"]
[BlackTeamCountry "GER"]

1. e4 c5 2. c3 Nf6 3. e5 Nd5 4. Nf3 Nc6 5. Bc4 Nb6 6. Bb3 c4 7. Bc2 d5 8. exd6
Qxd6 9. O-O Bg4 10. Re1 e6 11. b3 Qd7 12. Na3 cxb3 13. axb3 Be7 14. Be4 Nd5 15.
Nc4 Rd8 16. Qc2 Qc7 17. Ne3 Nxe3 18. Rxe3 Bh5 19. Qa2 O-O 20. d4 a6 21. Ba3
Bxa3 22. Qxa3 Ne7 23. Ne5 f6 24. Nc4 Bf7 25. Qa5 Rc8 26. Qb4 Rb8 27. Ra5 b5 28.
Nd6 Nc6 29. Bxc6 Qxc6 30. Ne4 Rfd8 31. Qc5 Qxc5 32. Nxc5 e5 33. Rd3 Bg6 34. Rd2
b4 35. cxb4 exd4 36. Nxa6 Rb6 37. f3 Bf7 38. Nc5 Rxb4 39. Ra4 Rxa4 40. bxa4 Rd5
41. Nb3 d3 42. Kf2 Be8 43. Nc1 Bxa4 44. Rxd3 Rxd3 45. Nxd3 1/2-1/2

[Event "FBL 1"]
[Site "Deutschland"]
[Date "2013.02.16"]
[Round "8.4"]
[White "Olsarova, Karolina"]
[Black "Heinatz, Gundula"]
[Result "1-0"]
[WhiteElo "2253"]
[BlackElo "2197"]
[PlyCount "109"]
[EventDate "2012.10.06"]
[WhiteTeam "SK Grosslehna"]
[BlackTeam "Karlsruher SF 1853"]
[WhiteTeamCountry "GER"]
[BlackTeamCountry "GER"]

1. e4 c5 2. Nf3 e6 3. b3 b6 4. d4 Bb7 5. d5 Nf6 6. Nc3 a6 7. a4 Qc7 8. Bb2 e5
9. Bd3 d6 10. O-O Be7 11. Nd2 g5 12. Nc4 Nbd7 13. Qe2 Bc8 14. Nd1 Rb8 15. Nde3
Nf8 16. g3 h5 17. Nf5 h4 18. Bxe5 Bxf5 19. Bxf6 Bxf6 20. exf5+ Kd8 21. Rae1 Nd7
22. Ne3 hxg3 23. hxg3 Bc3 24. Rd1 a5 25. Kg2 Ne5 26. Rh1 Rxh1 27. Rxh1 Qe7 28.
Rh7 Nd7 29. Qf3 Nf6 30. Rh1 Qe5 31. Nc4 g4 32. Nxe5 gxf3+ 33. Nxf3 Ke7 34. Bc4
Rg8 35. Rd1 Nd7 36. Rd3 Bh8 37. Re3+ Kf8 38. Nd2 Bd4 39. Re2 Ne5 40. f4 Ng4 41.
Kf3 Nf6 42. Nf1 Rh8 43. Rh2 Rg8 44. Rh4 Bc3 45. Nh2 Be1 46. Rh3 Ne8 47. g4 f6
48. Ke2 Bb4 49. c3 Ba3 50. Kd2 Bb2 51. Kc2 Ba3 52. Rh7 Ng7 53. Nf3 Kf7 54. Nd2
Re8 55. Nb1 1-0

[Event "FBL 1"]
[Site "Deutschland"]
[Date "2013.02.16"]
[Round "8.5"]
[White "Kiefhaber, Veronika"]
[Black "Von Wantoch Rekowski, Danijela"]
[Result "1-0"]
[WhiteElo "2229"]
[BlackElo "2245"]
[PlyCount "77"]
[EventDate "2012.10.06"]
[WhiteTeam "Karlsruher SF 1853"]
[BlackTeam "SK Grosslehna"]
[WhiteTeamCountry "GER"]
[BlackTeamCountry "GER"]

1. e4 c5 2. c3 d5 3. exd5 Qxd5 4. d4 Nc6 5. Nf3 e6 6. Bd3 cxd4 7. cxd4 Nf6 8.
Nc3 Qd8 9. a3 Be7 10. O-O O-O 11. Re1 g6 12. Bh6 Re8 13. Bc4 Na5 14. Ba2 Nd5
15. Ne4 f6 16. Qd3 b6 17. Rad1 Nb7 18. h4 Nd6 19. Ng3 Nf7 20. Bc1 Kg7 21. Bb1
Nd6 22. h5 Nf5 23. Qd2 g5 24. Qd3 Rh8 25. Nxf5+ exf5 26. Ba2 Nc7 27. d5 Bd6 28.
Nd4 f4 29. b4 Bg4 30. f3 Bxh5 31. Bb2 Bg6 32. Qd2 Re8 33. Ne6+ Nxe6 34. dxe6
Be7 35. Qe2 Qc7 36. Rd7 Qc2 37. Bxf6+ Kf8 38. Bxe7+ Rxe7 39. Qe5 1-0

[Event "FBL 1"]
[Site "Deutschland"]
[Date "2013.02.16"]
[Round "8.6"]
[White "Lehmann, Christina"]
[Black "Lauterbach, Ingrid"]
[Result "1-0"]
[WhiteElo "2078"]
[BlackElo "2143"]
[PlyCount "123"]
[EventDate "2012.10.06"]
[WhiteTeam "SK Grosslehna"]
[BlackTeam "Karlsruher SF 1853"]
[WhiteTeamCountry "GER"]
[BlackTeamCountry "GER"]

1. d4 d6 2. e4 Nd7 3. Nf3 g6 4. Bc4 c6 5. a4 d5 6. exd5 Nb6 7. Bb3 Nxd5 8. O-O
Bg7 9. c3 Ngf6 10. Na3 O-O 11. Nc4 Qc7 12. Re1 Bf5 13. h3 Rad8 14. Qe2 Nh5 15.
Nce5 Nhf4 16. Qf1 f6 17. Bxf4 fxe5 18. Bxe5 Bxe5 19. Nxe5 Qb6 20. Bxd5+ Rxd5
21. b4 Qd8 22. a5 Qd6 23. Qe2 Qf6 24. Qe3 Rd6 25. Ra2 Qh4 26. Rae2 Be6 27. Nf3
Qh5 28. Qg5 Bxh3 29. Qxh5 gxh5 30. Ng5 Bc8 31. Rxe7 h6 32. Ne4 Rg6 33. Nc5 Bh3
34. g3 h4 35. R1e3 hxg3 36. Rxg3 Rxg3+ 37. fxg3 Rf3 38. Kh2 Bf5 39. Rxb7 Rxc3
40. Rxa7 Rc4 41. Rb7 Rc2+ 42. Kg1 Bh3 43. a6 Rg2+ 44. Kh1 Rxg3 45. a7 Ra3 46.
Rb8+ Kf7 47. a8=Q Rxa8 48. Rxa8 Ke7 49. Rh8 h5 50. Rxh5 Bg4 51. Re5+ Kd6 52.
Kg2 Kc7 53. Kg3 Bc8 54. Re8 Bf5 55. Kf4 Bh3 56. Ke5 Bc8 57. Rxc8+ Kxc8 58. Kd6
Kb8 59. Kxc6 Ka7 60. d5 Kb8 61. Nb7 Ka7 62. d6 1-0

[Event "FBL 1"]
[Site "Deutschland"]
[Date "2013.02.16"]
[Round "8.1"]
[White "Zatonskih, Anna"]
[Black "Kononenko, Tatiana"]
[Result "1-0"]
[WhiteElo "2512"]
[BlackElo "2374"]
[PlyCount "109"]
[EventDate "2012.10.06"]
[WhiteTeam "OSG Baden Baden"]
[BlackTeam "USV Volksbank Halle"]
[WhiteTeamCountry "GER"]
[BlackTeamCountry "GER"]

1. e4 e6 2. d4 d5 3. e5 c5 4. c3 Qb6 5. Nf3 Bd7 6. Bd3 Bb5 7. dxc5 Bxc5 8. b4
Bxd3 9. Qxd3 Be7 10. O-O h5 11. Na3 Nh6 12. Be3 Qd8 13. c4 Nc6 14. cxd5 Qxd5
15. Qxd5 exd5 16. Nb5 Rd8 17. a3 Ng4 18. Bxa7 Ngxe5 19. Nxe5 Nxe5 20. Rfe1 f6
21. Rad1 Kf7 22. f4 Nc6 23. Bb6 Rd7 24. Re2 Ra8 25. Red2 Ra6 26. Bf2 d4 27. Kf1
Ra8 28. Bxd4 Nxd4 29. Rxd4 Rxd4 30. Rxd4 b6 31. Rd7 Rb8 32. Nd4 Rc8 33. Rb7
Rc1+ 34. Ke2 g6 35. Kd2 Rc4 36. Kd3 Rc1 37. f5 g5 38. Ke4 Re1+ 39. Kd5 Ke8 40.
Rxb6 Rg1 41. Re6 Rxg2 42. Nc6 Rd2+ 43. Kc4 Rd7 44. Nxe7 Rxe7 45. Rxf6 Re4+ 46.
Kd5 Rh4 47. Re6+ Kf7 48. Re2 Kf6 49. Rb2 Rh3 50. a4 Kxf5 51. b5 Rd3+ 52. Kc4
Rd8 53. b6 Rc8+ 54. Kb5 g4 55. b7 1-0

[Event "FBL 1"]
[Site "Deutschland"]
[Date "2013.02.16"]
[Round "8.4"]
[White "Straub, Natalia"]
[Black "Arakhamia Grant, Ketevan"]
[Result "0-1"]
[WhiteElo "2210"]
[BlackElo "2421"]
[PlyCount "62"]
[EventDate "2012.10.06"]
[WhiteTeam "USV Volksbank Halle"]
[BlackTeam "OSG Baden Baden"]
[WhiteTeamCountry "GER"]
[BlackTeamCountry "GER"]

1. d4 Nf6 2. c4 g6 3. g3 Bg7 4. Bg2 O-O 5. Nc3 d6 6. Nf3 Nc6 7. O-O Bf5 8. d5
Na5 9. Nd2 c5 10. e4 Bd7 11. Rb1 a6 12. b3 b5 13. Bb2 Rb8 14. Qc2 e5 15. dxe6
fxe6 16. cxb5 axb5 17. e5 dxe5 18. Nf3 Nc6 19. Ne2 Nd5 20. Qxc5 Rc8 21. Qc2 Nd4
22. Qe4 Nxf3+ 23. Bxf3 Bc6 24. Bg4 Qd6 25. Rbd1 Kh8 26. Qb1 Qe7 27. Qa1 Nf6 28.
Bh3 Bf3 29. Rfe1 Rc2 30. Bf1 Ne4 31. Rc1 Qa7 0-1

[Event "FBL 1"]
[Site "Deutschland"]
[Date "2013.02.16"]
[Round "8.5"]
[White "Tammert, Iamze"]
[Black "Belic, Jordanka"]
[Result "0-1"]
[WhiteElo "2305"]
[BlackElo "2298"]
[PlyCount "92"]
[EventDate "2012.10.06"]
[WhiteTeam "OSG Baden Baden"]
[BlackTeam "USV Volksbank Halle"]
[WhiteTeamCountry "GER"]
[BlackTeamCountry "GER"]

1. c4 c5 2. Nc3 Nc6 3. g3 Nf6 4. Bg2 g6 5. Nf3 Bg7 6. d4 cxd4 7. Nxd4 O-O 8.
O-O Nxd4 9. Qxd4 d6 10. Qh4 a6 11. Bg5 Re8 12. Rac1 Rb8 13. Rfd1 Qa5 14. a3 Be6
15. Nd5 Bxd5 16. cxd5 Qb5 17. Rc2 Rbc8 18. Rcd2 Rc4 19. e4 Qb3 20. Qf4 Rec8 21.
Bxf6 Bxf6 22. Qf3 Qb6 23. Qe2 Bg5 24. b3 Rc3 25. Rb2 Bc1 26. Rb1 Bxa3 27. Rd3
Bb4 28. Rxc3 Rxc3 29. e5 Bc5 30. exd6 Bxd6 31. b4 Qc7 32. Bf1 Rc2 33. Qe3 Qc3
34. Qxc3 Rxc3 35. Rb2 Rc1 36. Kg2 Rd1 37. b5 a5 38. Be2 Rd4 39. b6 Kg7 40. Rb5
a4 41. Kf3 a3 42. Ra5 Rd2 43. Ra7 Rb2 44. Rxb7 a2 45. Ra7 Rb3+ 46. Kg2 Ra3 0-1

[Event "FBL 1"]
[Site "Deutschland"]
[Date "2013.02.16"]
[Round "8.6"]
[White "Heinemann, Josefine"]
[Black "Schut, Lisa"]
[Result "0-1"]
[WhiteElo "1871"]
[BlackElo "2267"]
[PlyCount "74"]
[EventDate "2012.10.06"]
[WhiteTeam "USV Volksbank Halle"]
[BlackTeam "OSG Baden Baden"]
[WhiteTeamCountry "GER"]
[BlackTeamCountry "GER"]

1. e4 c5 2. Nf3 d6 3. d4 cxd4 4. Nxd4 Nf6 5. Nc3 a6 6. Be3 e5 7. Nb3 Be7 8. f3
Be6 9. Qd2 O-O 10. O-O-O Nbd7 11. g4 b5 12. Rg1 Qc7 13. g5 Nh5 14. Nd5 Bxd5 15.
exd5 Nb6 16. Na5 Nxd5 17. Qxd5 Qxa5 18. Bh3 Qc7 19. Bg4 Nf4 20. Bxf4 exf4 21.
Qe4 Bxg5 22. Bf5 Bh6 23. Bxh7+ Kh8 24. Bf5 Rae8 25. Qd4 Re5 26. Bg4 d5 27. Rg2
Rfe8 28. Rgd2 Qe7 29. Qb6 Re1 30. Rxd5 Rxd1+ 31. Rxd1 Qe3+ 32. Qxe3 fxe3 33.
Re1 f5 34. Bh5 g6 35. Bxg6 Rg8 36. Bh5 e2+ 37. Kb1 Bd2 0-1

[Event "FBL 1"]
[Site "Deutschland"]
[Date "2013.02.16"]
[Round "8.2"]
[White "Pokorna, Regina"]
[Black "Doluhanova, Evgeniya"]
[Result "1/2-1/2"]
[WhiteElo "2353"]
[BlackElo "2247"]
[PlyCount "100"]
[EventDate "2012.10.06"]
[WhiteTeam "Rodewischer Schachmiezen"]
[BlackTeam "SV Chemie Guben 1990"]
[WhiteTeamCountry "GER"]
[BlackTeamCountry "GER"]

1. e4 c5 2. Nc3 d6 3. g3 Nf6 4. Bg2 Nc6 5. d3 g6 6. f3 Bg7 7. Be3 O-O 8. Nge2
e5 9. O-O Nd4 10. f4 Nxe2+ 11. Nxe2 exf4 12. Nxf4 Nd7 13. c3 Ne5 14. Qd2 Bd7
15. b3 Bc6 16. a4 b6 17. d4 cxd4 18. cxd4 Nd7 19. Rac1 Bb7 20. Nd5 Bxd5 21.
exd5 Re8 22. Bf4 Qf6 23. Be5 Qe7 24. Bxg7 Kxg7 25. Rc7 Qd8 26. Rc6 Qe7 27. Qf4
Rad8 28. Qxd6 Qxd6 29. Rxd6 Nb8 30. Rxd8 Rxd8 31. Re1 Na6 32. Rc1 Rd7 33. a5
bxa5 34. Ra1 Nb4 35. Rxa5 Nc2 36. Ra2 Ne3 37. Kf2 Nxg2 38. Kxg2 Rxd5 39. Rxa7
Rxd4 40. Rb7 Rd2+ 41. Kf3 Rd3+ 42. Kf2 Rd2+ 43. Ke3 Rb2 44. h4 h5 45. b4 Kf6
46. Ke4 Rb3 47. Rb6+ Ke7 48. Kf4 f6 49. Rb7+ Kd6 50. Rb6+ Ke7 1/2-1/2

[Event "FBL 1"]
[Site "Deutschland"]
[Date "2013.02.16"]
[Round "8.4"]
[White "Korenova, Martina"]
[Black "Szewczuk, Mariola"]
[Result "1-0"]
[WhiteElo "2214"]
[BlackElo "1908"]
[PlyCount "69"]
[EventDate "2012.10.06"]
[WhiteTeam "Rodewischer Schachmiezen"]
[BlackTeam "SV Chemie Guben 1990"]
[WhiteTeamCountry "GER"]
[BlackTeamCountry "GER"]

1. d4 e6 2. Nf3 c5 3. e3 Nf6 4. b3 b6 5. Bb2 Bb7 6. Bd3 Nc6 7. c3 h6 8. Nbd2
Qc7 9. Qe2 Be7 10. Rc1 d5 11. O-O Bd6 12. e4 dxe4 13. Nxe4 Nxe4 14. Bxe4 O-O
15. Bb1 Rae8 16. Rfe1 Nd8 17. Qd3 f5 18. Ne5 Bxe5 19. Rxe5 Be4 20. Rxe4 fxe4
21. Qxe4 Qf4 22. Qh7+ Kf7 23. dxc5 Ke7 24. Qxg7+ Rf7 25. Qd4 Ref8 26. Qxf4 Rxf4
27. cxb6 Kd7 28. Ba3 R8f7 29. bxa7 Rxf2 30. a8=Q Rd2 31. Qa7+ Kc8 32. Qa6+ Kd7
33. Be4 Rff2 34. Qa7+ Kc8 35. Qxf2 1-0

[Event "FBL 1"]
[Site "Deutschland"]
[Date "2013.02.16"]
[Round "8.6"]
[White "Kubikova, Alena"]
[Black "Dshurowa, Petra"]
[Result "1-0"]
[WhiteElo "2095"]
[BlackElo "1757"]
[PlyCount "51"]
[EventDate "2012.10.06"]
[WhiteTeam "Rodewischer Schachmiezen"]
[BlackTeam "SV Chemie Guben 1990"]
[WhiteTeamCountry "GER"]
[BlackTeamCountry "GER"]

1. e4 c5 2. Nf3 Nc6 3. d4 cxd4 4. Nxd4 Nf6 5. Nc3 e6 6. Ndb5 d6 7. Bf4 e5 8.
Bg5 a6 9. Na3 Be7 10. Bxf6 Bxf6 11. Nc4 Nd4 12. Nd5 b5 13. Nce3 Bb7 14. c3 Bxd5
15. Nxd5 Nc6 16. a4 O-O 17. axb5 axb5 18. Bxb5 Ne7 19. Nxf6+ gxf6 20. O-O Rb8
21. c4 d5 22. exd5 Nxd5 23. Qg4+ Kh8 24. Rad1 Rg8 25. Qf3 Rxg2+ 26. Qxg2 1-0

[Event "FBL 1"]
[Site "Deutschland"]
[Date "2013.02.16"]
[Round "8.1"]
[White "Repkova, Eva"]
[Black "Schleining, Zoya"]
[Result "1/2-1/2"]
[WhiteElo "2378"]
[BlackElo "2340"]
[PlyCount "83"]
[EventDate "2012.10.06"]
[WhiteTeam "SF 1891 Friedberg"]
[BlackTeam "Schachverein Muelheim Nord 1931"]
[WhiteTeamCountry "GER"]
[BlackTeamCountry "GER"]

1. e4 c5 2. b3 Nf6 3. Nc3 Nc6 4. f4 d6 5. Nf3 a6 6. Bb2 Bg4 7. Be2 e6 8. O-O
Qc7 9. e5 dxe5 10. fxe5 Nxe5 11. Nb5 axb5 12. Bxe5 Qb6 13. a4 bxa4 14. bxa4 c4+
15. Kh1 Be7 16. Bxc4 O-O 17. Qe1 Bf5 18. d3 Nd7 19. Rb1 Qd8 20. Rxb7 Nc5 21.
Rxe7 Qxe7 22. Qg3 Bg6 23. Bd6 Qa7 24. Bxf8 Rxf8 25. Qf2 Qa5 26. Ne5 Ne4 27. Qf4
Nd2 28. Ra1 Qc3 29. Rc1 Bf5 30. Bb5 h6 31. Rd1 g5 32. Qe3 Ne4 33. Nd7 Rc8 34.
Rf1 Nd2 35. Rc1 Nb3 36. Rf1 Nd2 37. Re1 Qxc2 38. g4 Bg6 39. Nf6+ Kf8 40. Nd7+
Kg8 41. Nf6+ Kf8 42. Nd7+ 1/2-1/2

[Event "FBL 1"]
[Site "Deutschland"]
[Date "2013.02.16"]
[Round "8.4"]
[White "Vovk, Oksana"]
[Black "Daulyte, Deimante"]
[Result "1/2-1/2"]
[WhiteElo "2154"]
[BlackElo "2216"]
[PlyCount "73"]
[EventDate "2012.10.06"]
[WhiteTeam "Schachverein Muelheim Nord 1931"]
[BlackTeam "SF 1891 Friedberg"]
[WhiteTeamCountry "GER"]
[BlackTeamCountry "GER"]

1. d4 Nf6 2. c4 g6 3. g3 Bg7 4. Bg2 d5 5. cxd5 Nxd5 6. e4 Nb6 7. Ne2 c5 8. d5
e6 9. Nec3 O-O 10. O-O Na6 11. Na3 exd5 12. exd5 Bf5 13. Be3 Qd7 14. Qd2 Rfe8
15. Rfd1 Bg4 16. f3 Bh3 17. Ne4 Bxg2 18. Kxg2 Re5 19. d6 Rae8 20. Bf4 Rd5 21.
Qc2 Qc6 22. Nc4 Rxd1 23. Rxd1 Nb4 24. Qb3 Nd7 25. Bc1 Rxe4 26. fxe4 Qxe4+ 27.
Kh3 Qe6+ 28. Kg2 Qe2+ 29. Kh3 Qh5+ 30. Kg2 Qe2+ 31. Kh3 b5 32. Ne3 Qh5+ 33. Kg2
Qe2+ 34. Kh3 Qh5+ 35. Kg2 Qe2+ 36. Kh3 Qh5+ 37. Kg2 1/2-1/2

[Event "FBL 1"]
[Site "Deutschland"]
[Date "2013.02.16"]
[Round "8.5"]
[White "Goczo, Melinda"]
[Black "Vogel, Heike"]
[Result "1-0"]
[WhiteElo "2234"]
[BlackElo "2153"]
[PlyCount "83"]
[EventDate "2012.10.06"]
[WhiteTeam "SF 1891 Friedberg"]
[BlackTeam "Schachverein Muelheim Nord 1931"]
[WhiteTeamCountry "GER"]
[BlackTeamCountry "GER"]

1. d4 c5 2. d5 f5 3. Nc3 Nf6 4. g3 g6 5. Bg2 Bg7 6. Nh3 O-O 7. O-O e5 8. dxe6
dxe6 9. Qxd8 Rxd8 10. Be3 Nbd7 11. Rfd1 Ng4 12. Bxc5 Re8 13. Ba3 Bxc3 14. bxc3
Nb6 15. Rab1 Ne5 16. Nf4 Nec4 17. Bc5 Rb8 18. Rb4 g5 19. Nd3 e5 20. Bxb6 Nxb6
21. Nc5 e4 22. g4 Re5 23. Rd8+ Kf7 24. Nxb7 Rxb7 25. Rxc8 Rd7 26. Rd4 Rde7 27.
Rh8 Kg7 28. Rhd8 fxg4 29. a4 h5 30. a5 Rxa5 31. Bxe4 Ra1+ 32. Kg2 h4 33. h3
gxh3+ 34. Kxh3 Ra3 35. Kg4 Rxc3 36. Bd3 h3 37. R8d6 h2 38. Rg6+ Kh7 39. Re6+
Rxd3 40. Rxe7+ Kg6 41. Rxd3 h1=Q 42. Rd6# 1-0